Music Quiz

Random Music Quiz

-ility Words: When You're Old and Grey Quiz Stats

Quiz not verified by Sporcle

Challenge
Share
Tweet
Embed
Score 0/16 Timer 03:00
0 Plays Today
Preceeding Lyrics Word % Correct
Is a strongPossibility.
87.5%
For we'll soon reachSenility
87.5%
In allProbability
85%
I'll lose myVirility
82.5%
AndDesirability,
82.5%
And a sense ofFutility,
82.5%
And lose theAbility
82.5%
And you yourFertility
77.5%
Preceeding Lyrics Word % Correct
So let's act withAgility
77.5%
Of totalSterility
75%
A lessenedUtility,
72.5%
Will lead toHostility
72.5%
An awfulDebility,
70%
A loss ofMobility
65%
And thisLiability
65%
While we still haveFacility,
65%

You're not logged in!

Compare scores with friends on all Sporcle quizzes.
Join for Free
OR
Log In

You Might Also Like...

Show Comments

Extras

Created Dec 13, 2014SourceReportNominate
Tags:rhyme, Tom Lehrer

Top Quizzes Today


Score Distribution

Your Account Isn't Verified!

In order to create a playlist on Sporcle, you need to verify the email address you used during registration. Go to your Sporcle Settings to finish the process.

Report this User

Report this user for behavior that violates our Community Guidelines.

Details: